La vendetta /
Uloženo v:
| Hlavní autor: | |
|---|---|
| Další autoři: | |
| Médium: | Kniha |
| Jazyk: | italština |
| Vydáno: |
Torino :
Einaudi,
2010
|
| Edice: | Einaudi stile libero. Big
|
| Tagy: |
Žádné tagy, Buďte první, kdo vytvoří štítek k tomuto záznamu!
|
MARC
| LEADER | 00000nam a2200000 i 4500 | ||
|---|---|---|---|
| 001 | IT\ICCU\MOD\1574331 | ||
| 003 | ItRI | ||
| 005 | 20260115232042.0 | ||
| 008 | 100929s2010 it |||||| ||||| |||||c | ||
| 015 | |2 IT |a 2010-9065 | ||
| 020 | |a 9788806204785 | ||
| 040 | |b ita |c importazione bologna sebina | ||
| 041 | 7 | |a ita |2 ISO-639-2 | |
| 082 | |a 839.8 |9 LETTERATURA DANESE E NORVEGESE |2 12 | ||
| 100 | 1 | |a Holt, Anne |0 IT\ICCU\MILV\122038 | |
| 240 | 1 | 0 | |a Salige er de som tørster... |3 IT\ICCU\VIA\0075621 |9 Holt, Anne |
| 245 | 1 | 3 | |a La vendetta / |c Anne Holt ; traduzione di Maria Teresa Cattaneo. |
| 260 | |a Torino : |b Einaudi, |c 2010 | ||
| 300 | |a 248 p. ; |c 21 cm | ||
| 700 | 1 | |a Cattaneo, Maria Teresa, |d (1964- ) |0 IT\ICCU\CFIV\253978 | |
| 830 | 0 | |a Einaudi stile libero. Big |0 IT\ICCU\UBO\2644799 | |
| 942 | |2 ddc |c BK |n 0 | ||
| 952 | |0 0 |1 0 |4 0 |6 L_839_823000000000000_HOL |7 0 |9 19187 |a BO |b BO |d 2026-01-15 |i 14579 |l 0 |o L 839.823 HOL |p BO14579 |r 2026-01-15 23:20:42 |w 2026-01-15 |x [Sebina 7] [1 v.] |y BK |z 1 v. | ||
| 999 | |c 16323 |d 16323 | ||